Estructuralismo y literatura

Furkejuvvon:
Bibliográfalaš dieđut
Váldodahkki: Barthes, Roland et al
Materiálatiipa: Girji
Giella:Undetermined
Almmustuhtton: Buenos Aires, Argentina Nueva Visión 1972
Fáttát:
Fáddágilkorat: Lasit fáddágilkoriid
Eai fáddágilkorat, Lasit vuosttaš fáddágilkora!

MARC

LEADER 00000nam a2200000Ia 4500
008 170316s9999 xx 000 0 und d
090 |a 801 B-7e 
100 |a Barthes, Roland et al. 
245 |a Estructuralismo y literatura 
260 |a Buenos Aires, Argentina 
260 |b Nueva Visión 
260 |c 1972 
300 |a 223 páginas 
650 |a TEORÍA LITERARIA 
650 |a CRÍTICAS 
650 |a HISTORIA 
650 |a CONCEPTOS 
999 |c 20124  |d 20124 
040 |a cru BVZT 
942 |c 15 D  |h 801 B-7e  |2 z